Paroles - Adriano - Niska - Statistiques

Statistiques générales
  • Ce quiz a été pris 169 fois
  • Le résultat moyen est 221 sur 404
Statistiques - réponses
ANSWER % Correct
a
99%
d
99%
l
98%
j
97%
J
97%
s
97%
C
96%
de
96%
t
96%
elle
95%
Elle
95%
En
91%
en
91%
p
90%
La
89%
la
89%
qu
88%
le
86%
Le
86%
comme
78%
on
78%
On
78%
sa
78%
son
78%
Je
75%
pas
75%
est
74%
entre
71%
Entre
71%
les
71%
un
70%
2
68%
ai
67%
dans
67%
peu
67%
4
66%
au
66%
dès
66%
des
66%
concentrée
63%
va
63%
connais
62%
thème
61%
Thème
61%
y
61%
Y
61%
Adriano
60%
Laisse
59%
laisse
59%
trop
59%
Trop
59%
kilomètres
56%
videur
56%
compteur
55%
corps
55%
Et
55%
que
55%
sait
54%
tomber
54%
détente
53%
pétasse
53%
peux
53%
copines
52%
fort
52%
Fort
52%
refait
51%
Viano
51%
groupe
50%
te
50%
une
50%
vais
50%
du
49%
entrée
49%
présenter
47%
plaisanter
46%
prends
46%
beuh
45%
Igo
45%
coup
44%
joint
43%
toutes
43%
Toutes
43%
Gros
42%
veut
42%
aime
41%
Ça
39%
ça
39%
Oh
39%
oh
39%
Me
38%
crier
37%
quinze
37%
Adriana
36%
deux
36%
faire
36%
fait
36%
sans
35%
eux
34%
fais
32%
Mais
32%
del
31%
Del
31%
retourne
31%
vocodeur
31%
check
30%
nous
30%
vu
29%
soute
28%
sur
28%
tieks
28%
djos
27%
mouiller
27%
suis
26%
veulent
26%
as
25%
films
25%
tchoin
24%
bébé
23%
bor
23%
Louis
23%
nouveau
23%
Bitch
22%
bitch
22%
lolos
22%
moteur
22%
ils
21%
Ils
21%
Rihanna
21%
Jamais
20%
jamais
20%
mis
19%
allemande
18%
Oui
18%
story
18%
accepte
17%
cash
17%
Eh
17%
Vui
17%
tête
16%
gonflé
15%
stats
15%
chargées
14%
connait
14%
frontière
14%
penche
14%
bagagerie
13%
Jles
13%
lui
13%
orh
13%
mougou
12%
brolique
11%
bague
10%
big
10%
Nan
10%
nan
10%
Pute
10%
Quoi
10%
mood
9%
passer
9%
Financièrement
8%
del-bor
6%
plane
5%
sens
5%
Charo
2%
mort
2%
us
2%
fshh
0%
Aucun quiz correspondant
Distribution des résultats
% des personnes avec chaque résultat
Percentile par nombre de réponses
Votre historique - résultats
Vous n’avez pas pris ce quiz